000
00296nam a22001337a 4500
008
170407b xxu||||| |||| 00| 0 eng d
020
_a
0721657826
041
_a
eng
080
_a
616
100
_a
9
101
_a
SHM
245
_a
SURGICAL PATHOLOGY OF THE THYROID
_c
LIVOLSI
942
_2
udc
_c
BK
999
_c
10252
_d
10252